Lumière sur Alpes-de-Haute-Provence - Statistiques

Statistiques générales
  • Ce quiz a été pris 27 fois
  • Le résultat moyen est 5 sur 10
Statistiques - réponses
Hint Réponse % Correct
Quelle est la préfecture des Alpes-de-Haute-Provence ? Digne les bains
100%
Quel célèbre site naturel connu pour ses gorges se trouve dans les Alpes-de-Haute-Provence ? Verdon
88%
Quelle rivière traverse la ville de Sisteron ? Durance
83%
Quel village perché, célèbre pour ses champs de lavande, est situé dans ce département ? Valensole
67%
Quelle ville est surnommée la « perle de Haute Provence » ? Sisteron
50%
Quelle station de ski se trouve dans les Alpes-de-Haute-Provence dans le massif de la Grande Séolane? Pra Loup
38%
Quel massif montagneux couvre une partie du département qui a comme point culminant le Mourre Nègre? Lubéron
33%
Quelle station de sports d’hiver est située près de Barcelonnette ? Le Sauze
21%
Quelle spécialité culinaire est typique des Alpes-de-Haute-Provence ? Tourtons
4%
Quel sommet emblématique des Alpes-de-Haute-Provence culmine à plus de 3 000 mètres entre la France et l'Italie ? Brec de Chambeyron
0%
Aucun quiz correspondant
Distribution des résultats
% des personnes avec chaque résultat
Percentile par nombre de réponses
Votre historique - résultats
Vous n’avez pas pris ce quiz